000 00475nam a2200169 a 4500
005 20260417143044.0
008 260407s2026##################000#0#eng##
020 _a9780406000194
_qhbk
082 0 4 _a348.42 ALL(R)
100 _aBridgman, G. F. L
245 1 0 _aThe all england law reports reprint
_c/G.F.L Bridgman,ESQ., O.B.E.
250 _a1st ed.
260 _aLondon:
_bButterworth,
_c1968.
300 _a650p.
_c;23cm.
650 _aLaws of England
942 _cENGLISH
999 _c619008
_d619008